000 00548nam a22001817a 4500
005 20251108164956.0
008 250721s9999 xx 000 0 ara d
082 1 4 _a658.3/احم
100 1 _aالمصري، أحمد محمد
245 1 0 _aالإدارة و المدير العصري /
264 1 _aالإسكندرية :
_bمؤسسة شباب الجامعة،
_c[19-].
300 _a157ص
650 1 7 _aالإدارة
650 1 7 _aتقنيات الإدارة
650 1 7 _aإدارة الأفراد
942 _2ddc
_cBK
999 _c18841
_d18841